Ti-Jean
Gorde:
| Egile nagusia: | |
|---|---|
| Formatua: | Liburua |
| Hizkuntza: | frantsesa |
| Argitaratua: |
Moncton
D'Acadie
1973
|
| Gaiak: | |
| Etiketak: |
Etiketa erantsi
Etiketarik gabe, Izan zaitez lehena erregistro honi etiketa jartzen!
|
MARC
| LEADER | 00000nam a2200000 a 4500 | ||
|---|---|---|---|
| 001 | UCQ7376 | ||
| 003 | CL-VaPUC | ||
| 008 | 981107e19730000CN |||||||||||||||||fre|d | ||
| 082 | 0 | 4 | |a C813 |b GAL |2 21 |
| 100 | 0 | |a Gallant, Melvin |e author |9 421240 | |
| 245 | 1 | 0 | |a Ti-Jean |
| 300 | |a 165 p | ||
| 942 | |c BK | ||
| 945 | |d 19981107 00:00:00 |a crobeson | ||
| 260 | |a Moncton |b D'Acadie |c 1973 | ||
| 650 | 7 | |a CUENTOS CANADIENSES |2 CL-VaPUC |9 319373 | |
| 650 | 0 | |a Literatura canadiense |9 342826 | |
| 583 | |a last modification |c 19981107 00:00:00 |k Rodrigo Vera | ||
| 999 | |c 277052 |d 277050 | ||
| 952 | |0 0 |1 0 |4 0 |6 C_813_000000000000000_GAL_1973 |7 0 |8 A |9 314770 |a BIBEDU |b BIBEDU |d 2019-11-20 |i 1489178 |o C813 GAL 1973 |p 1489178 |r 2019-11-20 |w 2019-11-20 |y BK |k LIT | ||